| Tag |
First Indicator |
Second Indicator |
Subfields |
| LEADER |
00000cam a2200000 4500 |
| 001 |
in00003844421 |
| 005 |
20190415182729.0 |
| 006 |
m o d |
| 007 |
cr |n||||||||n |
| 008 |
841031s1706 enk|||| o 00||||eng c |
| 035 |
|
|
|a (CU-RivES)N13298
|
| 035 |
|
|
|a (Uk-ES)006003667
|
| 035 |
|
|
|a (OCoLC)507971905
|
| 040 |
|
|
|a CU-RivES
|c CU-RivES
|d CU-RivES
|d CStRLIN
|d CU-RivES
|d Cengage Gale
|d UtOrBLW
|
| 050 |
|
4 |
|a AC4
|b .G553 1706
|
| 100 |
1 |
|
|a Gildon, Charles,
|d 1665-1724.
|0 http://id.loc.gov/authorities/names/n79055620
|
| 245 |
1 |
2 |
|a A review of Her Royal Highness the Princess Sophia's letter to the Lord Archbishop of Canterbury, and that of Sir Rowland Gwynne to the Right Honourable the Earl of Stamford :
|b Or, A jacobite plot against the Protestant succession discover'd: Occasion'd by a scurrilous and factious libel, lately printed against the most serene House of Hannover. With invincible reasons for an humble adress to Her Most Sacred Majesty to invite over the presumptive heir of the crown, by that means infallibly to secure the Protestant succession, and in that our laws, religion and constitution against the power and intrigues of the French King, in conjunction with the jacobites, and others of this nation.
|
| 264 |
|
1 |
|a London :
|b Printed for the author, and sold by Benj. Bragge, at the Raven in Pater-Noster-Row,
|c 1706.
|
| 300 |
|
|
|a 1 online resource (8 unnumbered pages, 143, 1 unnumbered pages)
|
| 336 |
|
|
|a text
|b txt
|2 rdacontent
|
| 337 |
|
|
|a computer
|b c
|2 rdamedia
|
| 338 |
|
|
|a online resource
|b cr
|2 rdacarrier
|
| 500 |
|
|
|a The epistle dedicatory signed: Charles Gildon.
|
| 509 |
|
|
|a Sig.K3 mis-signed C3
|
| 510 |
4 |
|
|a English Short Title Catalog,
|c N13298.
|
| 500 |
|
|
|a Reproduction of original from William Andrews Clark Memorial Library (UCLA).
|
| 500 |
|
|
|a Electronic resource.
|
| 650 |
|
0 |
|a Jacobites.
|0 http://id.loc.gov/authorities/subjects/sh85069222
|
| 655 |
|
7 |
|a Electronic books.
|2 local
|
| 710 |
2 |
|
|a Gale (Firm)
|0 http://id.loc.gov/authorities/names/no2008071348
|
| 752 |
|
|
|a Great Britain
|b England
|d London.
|
| 856 |
4 |
0 |
|u http://proxy.library.tamu.edu/login?url=http://find.galegroup.com/ecco/infomark.do?contentSet=ECCOArticles&docType=ECCOArticles&bookId=1713900200&type=getFullCitation&tabID=T001&prodId=ECCO&docLevel=TEXT_GRAPHICS&version=1.0&source=library&userGroupName=txshracd2898
|z Connect to the full text of this electronic book
|t 0
|
| 999 |
f |
f |
|s 3a7662a4-cd39-306c-a4bf-95c9ee7e1c53
|i 712c87a7-fb41-3114-9cf3-ab5560b78b2f
|t 0
|
| 952 |
f |
f |
|a Texas A&M University
|b College Station
|c Electronic Resources
|d Available Online
|t 0
|e AC4 .G553 1706
|h Library of Congress classification
|
| 998 |
f |
f |
|a AC4 .G553 1706
|t 0
|l Available Online
|